Tableau des médailles olympiques - Natation synchronisée - Statistiques

Statistiques générales
  • Ce quiz a été pris 52 fois
  • Le résultat moyen est 8 sur 9
Statistiques - réponses
Total Or Argent Bronze Pays % Correct
7 0 5 2 Chine
95%
9 5 2 2 États-Unis
95%
14 0 4 10 Japon
95%
2 2 0 0 ROC
93%
10 10 0 0 Russie
93%
1 0 0 1 France
91%
8 3 4 1 Canada
80%
4 0 3 1 Espagne
80%
2 0 0 2 Ukraine
57%
Aucun quiz correspondant
Distribution des résultats
% des personnes avec chaque résultat
Percentile par nombre de réponses
Votre historique - résultats
Vous n’avez pas pris ce quiz